Verso il superamento del tabù antiomosessuale /

में बचाया:
ग्रंथसूची विवरण
मुख्य लेखक: Tosoni, Nicolino
स्वरूप: पुस्तक
भाषा:अंग्रेज़ी
प्रकाशित: Venezia Stope and Mulinar 2001
संस्करण:2. ed.
विषय:
टैग: टैग जोड़ें
कोई टैग नहीं, इस रिकॉर्ड को टैग करने वाले पहले व्यक्ति बनें!

MARC

LEADER 00000nam a2200000 4500
001 CDOM0000002197
003 mi
005 20250828173037.0
008 250726b |||||||| |||| 00| 0 eng d
040 |c mi 
100 |a Tosoni, Nicolino 
245 1 |a Verso il superamento del tabù antiomosessuale /  |c Nicolino Tosoni 
250 |a 2. ed. 
260 |a Venezia  |b Stope and Mulinar  |c 2001 
300 |a 39 p.  |c 29 cm. 
410 0 |a Quaderni dell'Associazione Magnus Hirschfeld 
610 |a Omosessuali - Associazioni e movimenti 
610 |a Omosessuali - Diritti 
942 |2 ddc  |c BK 
952 |0 0  |1 0  |2 ddc  |4 0  |6 B_SSR03TOSNIVER11  |7 0  |9 5851  |a MI  |b MI  |d 2006-03-01  |i 5122  |l 0  |o B-SSR03-TOSNI-VER11  |p CDOM5122  |r 2025-07-13 16:28:00  |w 2025-07-13  |x DONO  |y BK 
999 |c 4670  |d 4670